Loading...
| Popular Culture | 0 | 3 | 0 | 0 | 30 | 29 | 78.33 | 1 | 1 | 16.15 | 24.07 |
| Literature - European | 0 | 2 | 0 | 0 | 20 | 32 | 47.50 | 0 | 2 | 10.87 | 14.14 |
| Science - Chemistry | 0 | 2 | 0 | 2 | 20 | 99 | 101.50 | 0 | 1 | 0.00 | 4.04 |
| Science - Biology | 0 | 2 | 0 | 1 | 20 | 69 | 77.50 | 0 | 0 | 4.27 | 4.04 |
| History - American | 0 | 2 | 0 | 2 | 20 | 104 | 106.50 | 0 | 0 | 0.00 | 2.02 |
| Literature - American | 0 | 2 | 0 | 1 | 20 | 44 | 83.50 | 0 | 1 | 5.58 | 8.08 |
| Fine Arts - Other | 0 | 2 | 1 | 0 | 15 | 54 | 58.50 | 0 | 0 | 9.00 | 6.06 |
| Mythology | 0 | 1 | 0 | 1 | 10 | 115 | 115.00 | 0 | 0 | 0.00 | 1.01 |
| History - Other | 0 | 1 | 0 | 0 | 10 | 47 | 47.00 | 0 | 1 | 5.41 | 8.08 |
| Fine Arts - Painting and Sculpture | 0 | 1 | 0 | 0 | 10 | 96 | 96.00 | 0 | 0 | 1.69 | 6.06 |
| Geography | 0 | 1 | 1 | 0 | 5 | 77 | 77.00 | 0 | 0 | 6.00 | 8.89 |
| Science - Other | 0 | 0 | 1 | 0 | -5 | 0.00 | 0 | 0 | 0.00 | 0.00 |